[Event "European Blitz 2014"]
[Site "Wroclaw POL"]
[Date "2014.12.19"]
[Round "5.2"]
[White "Dragun, Kamil"]
[Black "Vitiugov, Nikita"]
[Result "0-1"]
[WhiteTitle "GM"]
[BlackTitle "GM"]
[WhiteElo "2547"]
[BlackElo "2738"]
[WhiteFideId "1134167"]
[BlackFideId "4152956"]
[EventDate "2014.12.19"]

1. d4 Nf6 2. c4 e6 3. Nf3 d5 4. Nc3 Bb4 5. Qb3 a5 6. a3 Bxc3+ 7. Qxc3 Ne4 8. Qc2
O-O 9. e3 b6 10. Bd3 Nf6 11. Ne5 dxc4 12. Bxc4 Bb7 13. O-O Nbd7 14. Bd3 c5 15.
Nxd7 Qxd7 16. dxc5 Rfc8 17. Qe2 Qc6 18. e4 bxc5 19. f3 c4 20. Bc2 c3 21. b3 Ba6
22. Bd3 Bxd3 23. Qxd3 Rd8 24. Qc2 Qb6+ 25. Kh1 Rac8 26. Bg5 h6 27. Bxf6 Rd2 28.
Qxc3 Rxc3 29. Bxc3 Rc2 30. Be1 h5 31. b4 a4 32. Rb1 Ra2 33. b5 e5 34. Bg3 f6 35.
Rfc1 Rxa3 36. Rc6 Qxb5 37. Rcc1 Rb3 38. Ra1 Rb2 39. h3 Qe2 40. Rg1 Ra2 41. Rae1
Qd3 42. Rd1 Rd2 43. Ra1 a3 44. Be1 Rc2 45. Bb4 a2 46. Rad1 Qb3 47. Be7 Rb2 48.
Rd8+ Kh7 49. Rd7 Rb1 50. Bxf6 Rxg1+ 51. Kxg1 a1=Q+ 52. Kh2 Kg8 53. Rxg7+ Kf8 54.
Rg5 Qe3 55. Rf5 Qag1+ 56. Kg3 Qef2# 0-1

[Event "European Blitz 2014"]
[Site "Wroclaw POL"]
[Date "2014.12.19"]
[Round "5.2"]
[White "Shimanov, Aleksandr"]
[Black "Cyborowski, Lukasz"]
[Result "0-1"]
[WhiteTitle "GM"]
[BlackTitle "GM"]
[WhiteElo "2591"]
[BlackElo "2518"]
[WhiteFideId "4198603"]
[BlackFideId "1108760"]
[EventDate "2014.12.19"]

1. d4 Nf6 2. Bg5 d6 3. Bxf6 exf6 4. c4 g6 5. Nc3 Bg7 6. g3 f5 7. Bg2 Nd7 8. e3
Nf6 9. Nge2 h5 10. h4 O-O 11. b4 Re8 12. Qd3 c6 13. b5 Bd7 14. O-O Ng4 15. Nf4
g5 16. hxg5 Qxg5 17. Rae1 h4 18. Nh3 Qh6 19. Ne2 cxb5 20. cxb5 a6 21. a4 axb5
22. axb5 Ra2 23. Nef4 hxg3 24. fxg3 Rb2 25. Rf3 Rxb5 26. Qa3 Bxd4 27. Nf2 Ne5
28. N2d3 Nxf3+ 0-1

[Event "European Blitz 2014"]
[Site "Wroclaw POL"]
[Date "2014.12.19"]
[Round "5.2"]
[White "Duda, Jan-Krzysztof"]
[Black "Anton Guijarro, David"]
[Result "1-0"]
[WhiteTitle "GM"]
[BlackTitle "GM"]
[WhiteElo "2603"]
[BlackElo "2608"]
[WhiteFideId "1170546"]
[BlackFideId "2285525"]
[EventDate "2014.12.19"]

1. e4 g6 2. d4 Bg7 3. Nf3 d6 4. c3 Nc6 5. Bg5 h6 6. Bh4 Nf6 7. Nbd2 g5 8. Bg3
Nh5 9. Bd3 e6 10. Qe2 Ne7 11. O-O-O Ng6 12. Rhe1 Nhf4 13. Bxf4 Nxf4 14. Qf1 g4
15. Ng1 Nxd3+ 16. Qxd3 Bd7 17. f4 h5 18. Ne2 a6 19. Kb1 Qe7 20. Nb3 a5 21. Na1
Kd8 22. Nc2 Kc8 23. c4 Ba4 24. Nc3 Bxc2+ 25. Qxc2 Qd7 26. e5 a4 27. a3 Qc6 28.
d5 Qxc4 29. dxe6 fxe6 30. exd6 Bxc3 31. d7+ Kd8 32. Re5 Ra6 33. Qg6 c6 34. Qf6+ 1-0

[Event "European Blitz 2014"]
[Site "Wroclaw POL"]
[Date "2014.12.19"]
[Round "5.2"]
[White "Fedorchuk, Sergey A."]
[Black "Jussupow, Artur"]
[Result "1-0"]
[WhiteTitle "GM"]
[BlackTitle "GM"]
[WhiteElo "2669"]
[BlackElo "2582"]
[WhiteFideId "14102536"]
[BlackFideId "4618777"]
[EventDate "2014.12.19"]

1. e4 e6 2. d4 d5 3. Nd2 c5 4. exd5 exd5 5. Ngf3 a6 6. dxc5 Bxc5 7. Nb3 Ba7 8.
Bd3 Qe7+ 9. Qe2 Qxe2+ 10. Bxe2 Nc6 11. c3 Bf5 12. O-O Nf6 13. Rd1 O-O 14. Nfd4
Bg6 15. Be3 Ne5 16. Na5 Rab8 17. h3 Rfe8 18. Nf5 b6 19. Nd6 Re6 20. Nab7 Nfd7
21. Bxa6 Nc5 22. Bxc5 bxc5 23. Rxd5 c4 24. Bxc4 Nxc4 25. Nxc4 Re2 26. Rf1 h5 27.
Rd8+ Rxd8 28. Nxd8 Bd3 29. Nc6 Bxc4 30. Nxa7 Rxb2 31. Ra1 Bxa2 32. Nc6 Bc4 33.
Ne5 Be6 34. Rc1 f6 35. Nc6 Kf8 36. Nd4 Bd5 37. c4 Rd2 1-0

[Event "European Blitz 2014"]
[Site "Wroclaw POL"]
[Date "2014.12.19"]
[Round "5.2"]
[White "Chigaev, Maksim"]
[Black "Tomczak, Jacek"]
[Result "1-0"]
[WhiteTitle "IM"]
[BlackTitle "GM"]
[WhiteElo "2494"]
[BlackElo "2561"]
[WhiteFideId "4108116"]
[BlackFideId "1124668"]
[EventDate "2014.12.19"]

1. e4 e6 2. d3 d5 3. Nd2 c5 4. Ngf3 Nc6 5. Be2 g6 6. O-O Bg7 7. Re1 Nge7 8. Bf1
O-O 9. c3 b5 10. exd5 exd5 11. Nb3 Qd6 12. d4 c4 13. Nc5 b4 14. g3 bxc3 15. bxc3
Bg4 16. Bf4 Qd8 17. h3 Bf5 18. Bg2 Qa5 19. Rc1 Qa3 20. g4 Be4 21. Nxe4 dxe4 22.
Rxe4 Nd5 23. Bd2 f5 24. Re6 Nd8 25. Ng5 Nc7 26. Bxa8 Ndxe6 27. Nxe6 Nxe6 28. Bd5
Qd6 29. Bxc4 Kh8 30. gxf5 Rxf5 31. Bxe6 Qxe6 32. Qg4 Qxa2 33. Be3 a5 34. c4 Qb2
35. Qe4 a4 36. Rb1 Qa3 37. c5 Rf8 38. Rb7 Qa2 39. Kg2 a3 40. c6 Qc4 41. Ra7 a2
42. c7 Rc8 43. Ra8 Qxc7 44. Rxa2 Qb8 45. d5 Re8 46. Qf3 Qe5 47. Ra4 Rd8 48. Re4
Qd6 49. Re6 Qd7 50. Qe4 Rf8 51. d6 Qb5 52. Re7 Bf6 53. Rb7 Qe2 54. d7 Bg7 55.
Qd5 Rd8 56. Rb8 Bf6 57. Rxd8+ Bxd8 58. Bd4+ 1-0

[Event "European Blitz 2014"]
[Site "Wroclaw POL"]
[Date "2014.12.19"]
[Round "5.2"]
[White "Salgado Lopez, Ivan"]
[Black "Socko, Bartosz"]
[Result "0-1"]
[WhiteTitle "GM"]
[BlackTitle "GM"]
[WhiteElo "2622"]
[BlackElo "2617"]
[WhiteFideId "2257327"]
[BlackFideId "1107038"]
[EventDate "2014.12.19"]

1. e4 e6 2. d4 d5 3. Nd2 Nf6 4. e5 Nfd7 5. Bd3 c5 6. c3 b6 7. Qe2 cxd4 8. cxd4
Nc6 9. Ndf3 Nb4 10. Bb1 Ba6 11. Qd1 Rc8 12. a3 Nc6 13. Ne2 Bxe2 14. Kxe2 f6 15.
exf6 Nxf6 16. Re1 Bd6 17. Kf1 O-O 18. Bg5 Qe8 19. Qe2 Nd8 20. Ne5 Bxe5 21. dxe5
Nd7 22. Kg1 Nc6 23. Qd3 Qh5 24. f4 Nc5 25. Qg3 Nd4 26. b4 Ne4 27. Bxe4 dxe4 28.
Ra2 h6 29. Be7 Nf5 30. Qb3 Nxe7 31. Qxe6+ Qf7 32. Qxf7+ Rxf7 33. Rxe4 Nd5 34. g3
Rc1+ 0-1

[Event "European Blitz 2014"]
[Site "Wroclaw POL"]
[Date "2014.12.19"]
[Round "6.1"]
[White "Bortnyk, Olexandr"]
[Black "Grigoriants, Sergey"]
[Result "0-1"]
[WhiteTitle "IM"]
[BlackTitle "GM"]
[WhiteElo "2533"]
[BlackElo "2570"]
[WhiteFideId "14120828"]
[BlackFideId "4130804"]
[EventDate "2014.12.19"]

1. e4 c5 2. c3 e6 3. d4 d5 4. exd5 Qxd5 5. Be3 cxd4 6. cxd4 Nf6 7. Nc3 Qd6 8.
Nf3 Nc6 9. a3 Be7 10. Bd3 O-O 11. O-O b6 12. Qe2 Bb7 13. Rad1 Rad8 14. Bb1 Qb8
15. Rfe1 Rfe8 16. Bg5 Nd5 17. Qe4 g6 18. Qh4 Nxc3 19. bxc3 Qc7 20. Bxe7 Nxe7 21.
Ng5 h5 22. Re3 Nf5 23. Bxf5 exf5 24. Rde1 Rxe3 25. Rxe3 f4 26. Re1 Qxc3 27. Rf1
Qxd4 28. Nh3 f3 29. Qe7 fxg2 30. Re1 Qd7 31. Qe3 Bc6 32. Qc3 Re8 33. Rc1 Bb7 34.
Qg3 Qg4 35. Nf4 Qxg3 36. hxg3 Re5 37. Nxg2 Bxg2 38. Kxg2 Ra5 39. Rc3 Kg7 40. Rd3
g5 41. Rc3 Kg6 42. Rc6+ f6 43. Rc3 Ra4 44. Rb3 h4 45. Rc3 hxg3 46. Kxg3 b5 47.
Rb3 a6 48. f3 Rc4 49. Rd3 Ra4 50. Rb3 Kf5 51. Rd3 Ke5 52. Rc3 Rc4 53. Re3+ Kf5
54. Rd3 Ra4 55. Rd5+ Ke6 56. Rd3 f5 57. Rc3 Ke5 58. Rc5+ Kf6 59. Rc6+ Ke5 60.
Rc5+ Ke6 61. Rc3 g4 62. f4 Kd5 63. Kh4 Rxf4 64. Kg5 Rf3 65. Rc2 Rxa3 66. Kxf5 g3
67. Rd2+ Kc5 0-1

[Event "European Blitz 2014"]
[Site "Wroclaw POL"]
[Date "2014.12.19"]
[Round "6.1"]
[White "Fedorchuk, Sergey A."]
[Black "Neiksans, Arturs"]
[Result "0-1"]
[WhiteTitle "GM"]
[BlackTitle "GM"]
[WhiteElo "2669"]
[BlackElo "2559"]
[WhiteFideId "14102536"]
[BlackFideId "11601388"]
[EventDate "2014.12.19"]

1. e4 c5 2. Nf3 e6 3. d4 cxd4 4. Nxd4 a6 5. Nc3 b5 6. Bd3 Bb7 7. O-O b4 8. Na4
Nf6 9. Re1 Nc6 10. Nf3 d6 11. c4 Be7 12. h3 O-O 13. Be3 Nd7 14. Qe2 Qc7 15. Rad1
Rad8 16. Bc2 Nc5 17. Bf4 e5 18. Bg3 Ne6 19. b3 Ncd4 20. Nxd4 Nxd4 21. Qd2 a5 22.
Bb1 Bc6 23. Nb2 Qa7 24. Qe3 Ra8 25. Nd3 Bd8 26. c5 dxc5 27. Nxe5 Bb5 28. Nc4 Bc7
29. Bxc7 Qxc7 30. e5 Bxc4 31. bxc4 Rfe8 32. f4 a4 33. Be4 Rab8 34. Bd5 b3 35.
axb3 Rxb3 36. Qe4 a3 37. f5 a2 38. e6 fxe6 39. fxe6 Kh8 40. e7 Qb8 41. Rf1 Rb2
42. Bf7 Ne2+ 43. Kf2 Nc3+ 0-1

[Event "European Blitz 2014"]
[Site "Wroclaw POL"]
[Date "2014.12.19"]
[Round "6.1"]
[White "Chigaev, Maksim"]
[Black "Miton, Kamil"]
[Result "0-1"]
[WhiteTitle "IM"]
[BlackTitle "GM"]
[WhiteElo "2494"]
[BlackElo "2601"]
[WhiteFideId "4108116"]
[BlackFideId "1111914"]
[EventDate "2014.12.19"]

1. e4 c5 2. Nc3 Nc6 3. f4 g6 4. g3 Bg7 5. Bg2 d6 6. d3 f5 7. Nf3 Nf6 8. O-O O-O
9. h3 Rb8 10. a4 Kh8 11. Kh2 Be6 12. Be3 Bg8 13. Qe2 Qd7 14. Rad1 b6 15. Ng5 Nd4
16. Bxd4 cxd4 17. Nb5 e5 18. fxe5 dxe5 19. exf5 gxf5 20. Kg1 Rbe8 21. c4 a6 22.
Na3 e4 23. dxe4 fxe4 24. Rfe1 d3 25. Qd2 Qd4+ 26. Kh1 h6 27. Nc2 Qxb2 28. Ne3
Qxd2 29. Rxd2 hxg5 30. Rb1 Nd7 31. a5 Bc3 32. Ra2 Bxa5 0-1

[Event "European Blitz 2014"]
[Site "Wroclaw POL"]
[Date "2014.12.19"]
[Round "6.1"]
[White "Kosyrev, Vladimir"]
[Black "Korobov, Anton"]
[Result "1-0"]
[WhiteTitle "GM"]
[BlackTitle "GM"]
[WhiteElo "2520"]
[BlackElo "2693"]
[WhiteFideId "4122259"]
[BlackFideId "14105730"]
[EventDate "2014.12.19"]

1. d4 Nf6 2. c4 e6 3. Nc3 Bb4 4. Qb3 a5 5. Nf3 b6 6. Bg5 Bb7 7. e3 h6 8. Bxf6
Qxf6 9. Be2 O-O 10. O-O Be7 11. Qc2 g6 12. Ne5 d6 13. Bf3 c6 14. Nd3 Nd7 15.
Rfd1 Qg7 16. a3 f5 17. b4 Ra7 18. b5 c5 19. Bxb7 Rxb7 20. Nf4 Qf7 21. d5 e5 22.
Ne6 Rc8 23. e4 Nf8 24. Nxf8 Rxf8 25. f3 Bg5 26. Qd3 h5 27. Kf1 Qf6 28. Ke2 Bh6
29. g3 Rbf7 30. Rf1 h4 31. Rf2 Qg5 32. Rg1 Qh5 33. Rgg2 Kg7 34. Rg1 Bg5 35. Rgg2
hxg3 36. hxg3 Qh1 37. Qd1 Qh3 38. Qg1 fxe4 39. Nxe4 Rxf3 40. Rxf3 Qg4 41. Nxg5
e4 42. Nxe4 Qxe4+ 43. Qe3 Qxc4+ 44. Kf2 Qc2+ 45. Qe2 Rxf3+ 46. Kxf3 Qf5+ 47. Ke3
Qe5+ 48. Kd2 Qxd5+ 49. Ke1 c4 50. Qe7+ Kg8 51. Rf2 Qh1+ 52. Kd2 Qd5+ 53. Kc1 1-0

[Event "European Blitz 2014"]
[Site "Wroclaw POL"]
[Date "2014.12.19"]
[Round "6.1"]
[White "Navara, David"]
[Black "Volokitin, Andrei"]
[Result "1-0"]
[WhiteTitle "GM"]
[BlackTitle "GM"]
[WhiteElo "2727"]
[BlackElo "2626"]
[WhiteFideId "309095"]
[BlackFideId "14107090"]
[EventDate "2014.12.19"]

1. d4 Nf6 2. Nf3 g6 3. Bg5 Bg7 4. Nbd2 O-O 5. c3 d5 6. e3 c5 7. Be2 Qb6 8. Qb3
Nc6 9. O-O Bf5 10. dxc5 Qxc5 11. Nd4 Bc8 12. Rac1 e5 13. Nxc6 bxc6 14. c4 d4 15.
Bxf6 Bxf6 16. Ne4 Qe7 17. Nxf6+ Qxf6 18. exd4 exd4 19. Bf3 Bf5 20. Qa4 Rfc8 21.
b4 Rab8 22. a3 Rc7 23. Rfd1 Rd8 24. Qa5 Rdd7 25. Qc5 h5 26. Re1 Kg7 27. Rcd1 d3
28. Re8 Re7 29. Rxe7 Rxe7 30. h3 Bxh3 31. Qxc6 Re6 32. Qd5 Bf5 33. c5 Qc3 34. c6
Re1+ 35. Kh2 Rxd1 36. Bxd1 Qd2 37. Qd4+ Kh7 38. Bb3 Qc1 39. Qxa7 Qf4+ 40. g3 Qd6
41. Qxf7+ 1-0

[Event "European Blitz 2014"]
[Site "Wroclaw POL"]
[Date "2014.12.19"]
[Round "6.1"]
[White "Matlakov, Maxim"]
[Black "Lysyj, Igor"]
[Result "0-1"]
[WhiteTitle "GM"]
[BlackTitle "GM"]
[WhiteElo "2695"]
[BlackElo "2686"]
[WhiteFideId "4168003"]
[BlackFideId "4150120"]
[EventDate "2014.12.19"]

1. d4 Nf6 2. Bf4 d5 3. e3 c5 4. dxc5 Nc6 5. Bb5 Qa5+ 6. Nc3 e6 7. a3 Ne4 8. Ne2
Nxc3 9. Nxc3 Be7 10. b4 Qd8 11. O-O O-O 12. Qd2 Bf6 13. Bd6 Re8 14. Rab1 Bd7 15.
Ne2 a5 16. c4 axb4 17. axb4 dxc4 18. Bxc4 Ne5 19. Bb3 Bb5 20. Rfd1 Nc4 21. Bxc4
Bxc4 22. Qc2 Bb5 23. Be5 Ba4 24. Rxd8 Bxc2 25. Rxe8+ Rxe8 26. Rc1 Bxe5 27. Rxc2
Ra8 28. f4 Bf6 29. Kf2 Kf8 30. Nd4 Ke7 31. Kf3 Ra4 32. Rb2 Kd7 33. Ke4 Kc7 34.
g4 Ra1 35. g5 Bxd4 36. Kxd4 Rd1+ 37. Ke5 Kc6 38. e4 Kd7 39. b5 Ke7 40. f5 f6+
41. gxf6+ gxf6+ 42. Kf4 Rf1+ 43. Kg4 exf5+ 44. exf5 h5+ 45. Kxh5 Rxf5+ 46. Kg6
Rg5+ 47. Kh6 Rxc5 0-1

[Event "European Blitz 2014"]
[Site "Wroclaw POL"]
[Date "2014.12.19"]
[Round "6.1"]
[White "Guliyev, Namig"]
[Black "Ragger, Markus"]
[Result "0-1"]
[WhiteTitle "GM"]
[BlackTitle "GM"]
[WhiteElo "2557"]
[BlackElo "2651"]
[WhiteFideId "13400363"]
[BlackFideId "1610856"]
[EventDate "2014.12.19"]

1. e4 e5 2. Nf3 Nc6 3. Bb5 a6 4. Ba4 Nf6 5. O-O Be7 6. Re1 b5 7. Bb3 O-O 8. h3
Bb7 9. d3 d5 10. exd5 Nxd5 11. Nbd2 Qd7 12. a4 Rad8 13. axb5 axb5 14. Nxe5 Nxe5
15. Rxe5 Nf4 16. Qg4 Nxg2 17. Qxd7 Rxd7 18. Rxb5 Bc6 19. Rba5 Nf4 20. Ne4 0-1

[Event "European Blitz 2014"]
[Site "Wroclaw POL"]
[Date "2014.12.19"]
[Round "6.1"]
[White "Belous, Vladimir"]
[Black "Kulaots, Kaido"]
[Result "0-1"]
[WhiteTitle "GM"]
[BlackTitle "GM"]
[WhiteElo "2578"]
[BlackElo "2563"]
[WhiteFideId "4174003"]
[BlackFideId "4500261"]
[EventDate "2014.12.19"]

1. Nf3 Nf6 2. c4 e6 3. g3 d5 4. Bg2 dxc4 5. Qa4+ Nbd7 6. Qxc4 c5 7. O-O b6 8. d3
Bb7 9. Qc2 Be7 10. Nbd2 O-O 11. Nc4 Nd5 12. Bd2 Rc8 13. Rac1 Nb8 14. Qb1 Nc6 15.
a3 h6 16. Rfd1 Qc7 17. e4 Nf6 18. Bf4 Qd7 19. Nfe5 Nxe5 20. Nxe5 Qd8 21. Nc4 Qd7
22. Ne5 Qd8 23. b4 cxb4 24. axb4 Rxc1 25. Rxc1 Bd6 26. b5 Bc5 27. Qa1 g5 28. Be3
Bxe3 29. fxe3 Qd6 30. Nc6 Qxd3 31. Rc3 Qd2 32. h3 Nd7 33. Kh1 Nc5 34. Ra3 a5 35.
Ne7+ Kh7 36. Qf6 Nd3 37. Ra1 Qb2 38. Qxb2 Nxb2 39. Rc1 a4 40. Rc7 a3 41. Rxb7
Ra8 42. e5 a2 43. Be4+ Kg7 44. Kh2 a1=Q 45. Rc7 Nd1 46. Bxa8 Qb2+ 47. Kh1 Nxe3
48. Nc6 Qa1+ 49. Kh2 Qb2+ 50. Kg1 Qg2# 0-1

[Event "European Blitz 2014"]
[Site "Wroclaw POL"]
[Date "2014.12.19"]
[Round "6.1"]
[White "Moiseenko, Alexander"]
[Black "Bartel, Michal"]
[Result "1-0"]
[WhiteTitle "GM"]
[BlackTitle "FM"]
[WhiteElo "2692"]
[BlackElo "2327"]
[WhiteFideId "14102560"]
[BlackFideId "1119257"]
[EventDate "2014.12.19"]

1. d4 Nf6 2. c4 c5 3. d5 e6 4. Nc3 exd5 5. cxd5 d6 6. e4 g6 7. f4 Bg7 8. Bb5+
Nfd7 9. Nf3 a6 10. Bd3 b5 11. O-O O-O 12. Qe1 c4 13. Bc2 Nc5 14. f5 Nbd7 15. Bg5
Qb6 16. Kh1 Re8 17. Qh4 b4 18. f6 bxc3 19. fxg7 Qxb2 20. Rac1 Nd3 21. Bxd3 cxd3
22. Bf6 Nxf6 23. Qxf6 Ra7 24. Ng5 Bf5 25. exf5 d2 26. fxg6 hxg6 27. Rxc3 Qxc3
28. Qxc3 Re1 29. Rxe1 1-0

[Event "European Blitz 2014"]
[Site "Wroclaw POL"]
[Date "2014.12.19"]
[Round "6.1"]
[White "Savchenko, Boris"]
[Black "Cyborowski, Lukasz"]
[Result "1-0"]
[WhiteTitle "GM"]
[BlackTitle "GM"]
[WhiteElo "2599"]
[BlackElo "2518"]
[WhiteFideId "4147332"]
[BlackFideId "1108760"]
[EventDate "2014.12.19"]

1. e4 c5 2. Nf3 e6 3. d4 cxd4 4. Nxd4 a6 5. c4 Nc6 6. Nc3 Nxd4 7. Qxd4 d6 8. Be2
Nf6 9. O-O Be7 10. Rd1 O-O 11. b3 Bd7 12. Ba3 Bc6 13. Bb4 Qb8 14. Rac1 Rd8 15.
Ba5 Re8 16. Bb4 Bf8 17. Bf3 Rd8 18. h4 h6 19. Rc2 e5 20. Qd2 b5 21. cxb5 axb5
22. Nd5 Nxd5 23. exd5 Bd7 24. Be4 f5 25. Bf3 Be7 26. g3 Rc8 27. Rdc1 Qb7 28. Rc6
e4 29. Rxc8+ Rxc8 30. Rxc8+ Qxc8 31. Bh5 Be8 32. Bxe8 Qxe8 33. Qe2 Bf6 34. Qc2
e3 35. Qe2 Bd4 36. Kg2 Qe4+ 37. f3 Qxd5 38. Qd3 Qe5 39. Be1 e2 40. a4 bxa4 41.
bxa4 Ba7 42. Kh3 Kh8 43. a5 f4 44. gxf4 Qe6+ 45. f5 Qe5 46. Qe4 Qb5 47. Kg4 d5
48. Qe5 Qc4+ 49. Kh5 Qb5 50. Kg6 Qd7 51. Qe6 Qb7 52. Qxe2 Bc5 53. Qe8+ 1-0

[Event "European Blitz 2014"]
[Site "Wroclaw POL"]
[Date "2014.12.19"]
[Round "6.2"]
[White "Grigoriants, Sergey"]
[Black "Bortnyk, Olexandr"]
[Result "0-1"]
[WhiteTitle "GM"]
[BlackTitle "IM"]
[WhiteElo "2570"]
[BlackElo "2533"]
[WhiteFideId "4130804"]
[BlackFideId "14120828"]
[EventDate "2014.12.19"]

1. Nf3 f5 2. d3 d6 3. g3 e5 4. Bg2 Nf6 5. c4 g6 6. Nc3 Bg7 7. O-O O-O 8. Rb1 c6
9. b4 Qe7 10. b5 c5 11. Bg5 Be6 12. Ne1 h6 13. Nd5 Bxd5 14. Bxd5+ Kh7 15. Bxf6
Bxf6 16. e4 f4 17. Qg4 Bg7 18. Nf3 Nd7 19. Nh4 Rf6 20. Bxb7 Raf8 21. a4 Nb6 22.
Bc6 Nxa4 23. Qd7 Qxd7 24. Bxd7 Nc3 25. Ra1 Ne2+ 26. Kg2 R8f7 27. Bg4 Nd4 28. Nf3
Nc2 29. Ra2 Nb4 30. Ra3 Kh8 31. Nd2 h5 32. Bd1 Bh6 33. Nf3 fxg3 34. fxg3 Kg7 35.
Rc3 a6 36. bxa6 Nxa6 37. Be2 Nb4 38. Nh4 Ra7 39. Rxf6 Kxf6 40. Kf3 Ra2 41. Ng2
g5 42. h3 g4+ 43. hxg4 hxg4+ 44. Kf2 Nc2 45. Kf1 Nd4 46. Bxg4 Bd2 0-1

[Event "European Blitz 2014"]
[Site "Wroclaw POL"]
[Date "2014.12.19"]
[Round "6.2"]
[White "Neiksans, Arturs"]
[Black "Fedorchuk, Sergey A."]
[Result "1-0"]
[WhiteTitle "GM"]
[BlackTitle "GM"]
[WhiteElo "2559"]
[BlackElo "2669"]
[WhiteFideId "11601388"]
[BlackFideId "14102536"]
[EventDate "2014.12.19"]

1. Nf3 Nf6 2. g3 b5 3. Bg2 Bb7 4. Na3 a6 5. c4 b4 6. Nc2 c5 7. d4 e6 8. O-O cxd4
9. Ncxd4 Be7 10. Bf4 O-O 11. Rc1 d6 12. Nb3 a5 13. c5 dxc5 14. Nxc5 Bd5 15. Ne5
Bxg2 16. Qxd8 Rxd8 17. Kxg2 Nd5 18. Bd2 Bf6 19. Ncd3 Nd7 20. Nc6 Rdc8 21. e4 Ne7
22. Nxe7+ Bxe7 23. Be3 Bf6 24. f4 Kf8 25. e5 Be7 26. Kf3 Ke8 27. Ke4 Rd8 28.
Rfd1 f5+ 29. Kf3 Rdc8 30. b3 g6 31. Nb2 g5 32. Nc4 g4+ 33. Ke2 a4 34. Rxd7 Kxd7
35. Nb6+ Kd8 36. Rxc8+ Rxc8 37. Nxc8 Kxc8 38. bxa4 Kb7 39. Kd3 Ka6 40. Kc4 Ka5
41. Kb3 h5 42. Bd2 Bc5 43. a3 Bg1 44. axb4+ Kb6 45. Be1 Bxh2 46. Kc4 h4 47. gxh4
Bxf4 48. h5 Kb7 49. a5 g3 50. b5 g2 51. Bf2 Bg3 52. Bc5 Bxe5 53. h6 f4 54. h7 f3
55. Kd3 Bh8 56. Bf2 Kc7 57. Ke4 Kd6 58. a6 Kc7 59. Kxf3 1-0

[Event "European Blitz 2014"]
[Site "Wroclaw POL"]
[Date "2014.12.19"]
[Round "6.2"]
[White "Miton, Kamil"]
[Black "Chigaev, Maksim"]
[Result "0-1"]
[WhiteTitle "GM"]
[BlackTitle "IM"]
[WhiteElo "2601"]
[BlackElo "2494"]
[WhiteFideId "1111914"]
[BlackFideId "4108116"]
[EventDate "2014.12.19"]

1. d4 d6 2. Nf3 f5 3. c4 Nf6 4. Nc3 g6 5. h3 Bg7 6. Bf4 O-O 7. e3 c6 8. Be2 Qe8
9. O-O Nbd7 10. d5 Nc5 11. Qc2 Bd7 12. Rad1 Rc8 13. Qb1 a5 14. Nd4 h6 15. Bh2
Qf7 16. Nb3 Nxb3 17. axb3 cxd5 18. Nxd5 Nxd5 19. Rxd5 b6 20. Rd2 Bc6 21. Qd1 Kh8
22. Bd3 Qe6 23. Re1 Be5 24. Qc1 Bxh2+ 25. Kxh2 Kg7 26. Qc3+ Qe5+ 27. Qxe5+ dxe5
28. Be2 Rfd8 29. Red1 Rxd2 30. Rxd2 Kf6 31. Kg1 h5 32. h4 g5 33. hxg5+ Kxg5 34.
f3 h4 35. Kf2 Rh8 36. Rd1 Rc8 37. Bf1 Kf6 38. Be2 Kg5 39. Bf1 Rh8 40. Be2 Kf6
41. Rh1 Kg5 42. Rd1 Kf6 43. Bf1 Kg5 44. c5 bxc5 45. Rc1 Kf6 46. Rxc5 Bd7 47.
Rxa5 Rb8 48. Bc4 Rb6 49. Rc5 Rb8 50. Rc7 Be8 51. Ra7 Rd8 52. Ra6+ Kg5 53. Ke2
Bh5 54. Re6 e4 55. Ke1 exf3 56. gxf3 Bxf3 57. Rxe7 Rh8 58. Kf2 h3 59. Rg7+ Kf6
60. Rf7+ Kg6 61. Ra7 h2 62. Ra1 h1=Q 63. Rxh1 Bxh1 64. b4 Rb8 65. b5 Be4 66. Ke2
Kf6 0-1

[Event "European Blitz 2014"]
[Site "Wroclaw POL"]
[Date "2014.12.19"]
[Round "6.2"]
[White "Korobov, Anton"]
[Black "Kosyrev, Vladimir"]
[Result "1-0"]
[WhiteTitle "GM"]
[BlackTitle "GM"]
[WhiteElo "2693"]
[BlackElo "2520"]
[WhiteFideId "14105730"]
[BlackFideId "4122259"]
[EventDate "2014.12.19"]

1. d4 e6 2. c4 Nf6 3. Nf3 d5 4. Nc3 dxc4 5. e3 a6 6. Bxc4 b5 7. Bb3 Bb7 8. O-O
c5 9. e4 cxd4 10. Nxd4 Nc6 11. Nxc6 Qxd1 12. Rxd1 Bxc6 13. f3 Bc5+ 14. Kf1 O-O
15. Bf4 Rfd8 16. Rac1 b4 17. Ne2 Rxd1+ 18. Bxd1 Nd7 19. Bb3 Bb5 20. Bc4 Bf8 21.
Be3 Bxc4 22. Rxc4 Ne5 23. Rc7 a5 24. Nd4 a4 25. Ke2 h6 26. h3 Bd6 27. Rc1 Rd8
28. f4 Ng6 29. e5 Bf8 30. Rc4 Rb8 31. Nc6 Rb7 32. b3 axb3 33. axb3 Kh7 34. g3
Rc7 35. Bd2 Rc8 36. Nxb4 Rb8 37. Kd3 Ne7 38. Kc2 Nf5 39. g4 Ne7 40. Nc6 Nxc6 41.
Rxc6 g6 42. Rc4 Rb5 43. b4 g5 44. Kb3 Rd5 45. Bc1 gxf4 46. Bxf4 Bg7 47. Re4 Rd3+
48. Kc4 Rxh3 49. b5 Rh1 50. Re3 f6 51. exf6 Bxf6 52. Rxe6 Bg7 53. b6 Rb1 54. Bc7
Kg8 55. Kd5 Kf7 56. Re4 Rb5+ 57. Kc6 1-0

[Event "European Blitz 2014"]
[Site "Wroclaw POL"]
[Date "2014.12.19"]
[Round "6.2"]
[White "Volokitin, Andrei"]
[Black "Navara, David"]
[Result "0-1"]
[WhiteTitle "GM"]
[BlackTitle "GM"]
[WhiteElo "2626"]
[BlackElo "2727"]
[WhiteFideId "14107090"]
[BlackFideId "309095"]
[EventDate "2014.12.19"]

1. e4 e5 2. Nf3 Nc6 3. Bb5 Nf6 4. O-O Nxe4 5. d4 Nd6 6. Bxc6 dxc6 7. dxe5 Nf5 8.
Qxd8+ Kxd8 9. Rd1+ Ke8 10. Nc3 Ne7 11. h3 Ng6 12. b3 b6 13. Bb2 Bb7 14. Nd4 Rd8
15. Nf5 Rxd1+ 16. Rxd1 Bc8 17. Nd4 Bd7 18. Re1 Bc5 19. Ne4 Bxd4 20. Bxd4 c5 21.
Bb2 Be6 22. Ng5 Ke7 23. Nxe6 Kxe6 24. Rd1 h5 25. g3 h4 26. g4 Nf4 27. Kh2 g5 28.
Bc1 Rg8 29. Bxf4 gxf4 30. Kg2 Rg5 31. Kf3 Rxe5 32. Rd2 c4 33. Kxf4 Ra5 34. a4
cxb3 35. cxb3 Rc5 36. Rd3 f6 37. Re3+ Kf7 38. Re4 Rc2 39. f3 Rh2 40. Rd4 Ke6 41.
Re4+ Kd6 42. Kf5 Rxh3 43. Re3 Rg3 44. Kxf6 h3 45. Re6+ Kc5 46. f4 0-1

[Event "European Blitz 2014"]
[Site "Wroclaw POL"]
[Date "2014.12.19"]
[Round "6.2"]
[White "Lysyj, Igor"]
[Black "Matlakov, Maxim"]
[Result "0-1"]
[WhiteTitle "GM"]
[BlackTitle "GM"]
[WhiteElo "2686"]
[BlackElo "2695"]
[WhiteFideId "4150120"]
[BlackFideId "4168003"]
[EventDate "2014.12.19"]

1. d4 Nf6 2. c4 e6 3. Nf3 d5 4. Nc3 Bb4 5. cxd5 exd5 6. Bg5 h6 7. Bh4 c5 8. dxc5
Nbd7 9. e3 Qa5 10. Nd2 Bxc3 11. bxc3 Qxc5 12. Rc1 O-O 13. Be2 Re8 14. O-O Qa5
15. Qc2 Ne4 16. Nb3 Qa3 17. Nd4 Nb6 18. Qb3 Qd6 19. Rfd1 Bd7 20. Nb5 Qc6 21. Nd4
Qg6 22. Qb4 Rac8 23. f3 Nc5 24. Bf2 Nca4 25. c4 dxc4 26. Bxc4 Nxc4 27. Rxc4 Rxc4
28. Qxc4 Nb2 29. Qd5 Nxd1 30. Qxd7 f6 31. Nf5 Nxf2 32. Kxf2 Qf7 33. Qxf7+ Kxf7
34. Nd6+ Ke7 35. Nxe8 Kxe8 36. e4 Kd7 37. Ke3 Kd6 38. Kd4 g5 39. g3 h5 40. h4
gxh4 41. gxh4 b5 42. f4 a5 43. a3 Kc6 44. e5 fxe5+ 45. fxe5 b4 46. axb4 axb4 47.
Kc4 Kd7 48. Kxb4 Ke6 49. Kc4 Kxe5 50. Kd3 Kf4 0-1